• 首页
  • 本馆介绍
  • 公告通知
  • 最新文献
  • 馆藏检索
  • 电子资源
  • 读者导购
  • 参考咨询
  • 我的图书馆
  • 登录
  • 详细信息显示
  • 放入我的书架
  • 预约/预借图书
  • 作者相关作品
  • 分类相关作品
  • 丛书相关作品
  • 出版社相关作品

书目信息

  • 表格格式
  • 工作单格式
  • 卡片格式
题名:
甘蔗良种繁育与脱毒种苗技术
    
 
作者: 杨本鹏 , 张树珍 主编
分册:  
出版信息: 北京   中国农业出版社  2019.11
页数: 208页
开本: 24cm
丛书名:
单 册:
中图分类: S566.1
科图分类:
主题词: 甘蔗--gan zhe--良种繁育 , 甘蔗--gan zhe--种苗消毒
电子资源:
ISBN: 978-7-109-26043-6
000 00993nam0 2200277 450
001 0106081807
005 20201106082043.0
010    @a978-7-109-26043-6@dCNY55.00
100    @a20200604d2019 em y0chiy50 ea
101 0  @achi
102    @aCN@b110000
105    @aa z 000yy
106    @ar
200 1  @a甘蔗良种繁育与脱毒种苗技术@Agan zhe liang zhong fan yu yu tuo du zhong miao ji shu@f杨本鹏, 张树珍主编
210    @a北京@c中国农业出版社@d2019.11
215    @a208页@c图, 彩照@d24cm
320    @a有书目
330    @a本书详细介绍了甘蔗生产的概况、甘蔗脱毒重要意义、脱毒种苗田间假植、田间移栽技术、甘蔗开沟覆土铺管盖膜一体机及甘蔗水肥药”精准施用技术等方面的内容。
333    @a本书可供科研、生产、推广等相关人员阅读使用。
606 0  @a甘蔗@Agan zhe@x良种繁育
606 0  @a甘蔗@Agan zhe@x种苗消毒
690    @aS566.1@v5
701  0 @a杨本鹏@Ayang ben peng@4主编
701  0 @a张树珍@Azhang shu zhen@4主编
801  0 @aCN@bBJSZM@c20201106
905    @b1191592-5@dS566.1@e121@f4
    
    甘蔗良种繁育与脱毒种苗技术/杨本鹏, 张树珍主编.-北京:中国农业出版社,2019.11
    208页:图, 彩照;24cm
    使用对象:本书可供科研、生产、推广等相关人员阅读使用。
    
    ISBN 978-7-109-26043-6:CNY55.00
    本书详细介绍了甘蔗生产的概况、甘蔗脱毒重要意义、脱毒种苗田间假植、田间移栽技术、甘蔗开沟覆土铺管盖膜一体机及甘蔗水肥药”精准施用技术等方面的内容。
●
相关链接 在E读中查询图书 在五车中查询图书 在当当中查询图书 在豆瓣中查询图书


正题名:甘蔗良种繁育与脱毒种苗技术     索取号:S566.1/121         预约/预借

序号 登录号 条形码 馆藏地/架位号 状态 备注
1 1191592   211915926   第二样本阅览室/ [索取号:S566.1/121] 在馆    
2 1191593   211915935   第三借阅区/ [索取号:S566.1/121] 在馆    
3 1191594   211915944   第三借阅区/ [索取号:S566.1/121] 在馆    
4 1191595   211915953   第三借阅区/ [索取号:S566.1/121] 在馆    
唐山师范学院图书馆 欢迎您!
大连网信软件有限公司© 版权所有